000 007030000a22002410004500
003 LK-CoMWRAF
008 230817t ||||| |||| 00| 0 eng d
020 _a9558095753
040 _aLK-CoMWRAF
_dLK-CoMWRAF
_eLK-CoMWRAF
041 _aeng
082 _a770
_bKEL
245 _aEconomic Policy in Sri Lanka
_b
260 _bVijitha Yapa
_aSri Lanka(Colombo)
_c2004
300 _ap.522
650 _aAgriculture,Industry and Technology Development
650 _aDevelopment Strategy and Ideology
650 _aEmployment and Labour
650 _aInstitutional and Governance Issues
650 _aMacroeconomic Policy
650 _aSocial Welfare
700 _aKelegama,, Saman
_eed.
942 _cBK
999 _c815
_d815